00337cas5a220014500 4500001001200000008004100012022001400053035001900067035001900086050001400105245002100119260001500140650003000155004000600185zam00004098951212n xx eng u a0363-0277 a(Sirsi) r21391 a(MACHINE)00473 aZ671.L5J600aLibrary journal. aNEWYORK :. aLibrary science.6S2537.121391